Odontología digital implantología (Registro nro. 10856)

000 -CABECERA
Campo de control de longitud fija 02312nam a22003857a 4500
003 - IDENTIFICADOR DEL NÚMERO DE CONTROL
Campo de control OSt
005 - FECHA Y HORA DE LA ÚLTIMA TRANSACCIÓN
Campo de control 20260416132003.0
008 - CÓDIGOS DE INFORMACIÓN DE LONGITUD FIJA
Campo de control de longitud fija 260415t2021 xxu||||| |||| 00| 0 spa d
020 ## - NÚMERO INTERNACIONAL NORMALIZADO PARA LIBROS (ISBN)
Número Internacional Normalizado para Libros (ISBN) 9783030659479
020 ## - NÚMERO INTERNACIONAL NORMALIZADO PARA LIBROS (ISBN)
Número Internacional Normalizado para Libros (ISBN) 9783030659462
040 ## - FUENTE DE LA CATALOGACIÓN
Centro catalogador de origen Unicoc
Lengua de catalogación spa
Centro que cataloga Bogotá (Dr. David Ordóñez Rueda) - Campus Norte
Centro modificador Bogotá (Dr. David Ordóñez Rueda) - Campus Norte
082 ## - NÚMERO DE LA CLASIFICACIÓN DECIMAL DEWEY
Número de clasificación 617.692
100 ## - PUNTO DE ACCESO PRINCIPAL - NOMBRE DE PERSONA
9 (RLIN) 12962
Nombre de persona Galante, Jorge M.
245 ## - MENCIÓN DE TÍTULO
Título Odontología digital implantología
Subtitulo o Resto del título : Desde la planificación del tratamiento hasta la cirugía guiada
Mención de responsabilidad etc. / Jorge M. Galante, Nicolás A. Rubio
250 ## - MENCIÓN DE EDICIÓN
Mención de edición 1 Ed.
260 ## - PUBLICATION, DISTRIBUTION, ETC. (IMPRINT)
Lugar de publicación distribución etc. Suiza :
Nombre del editor distribuidor etc. Springer ,
Fecha de publicación distribución etc. 2021
300 ## - DESCRIPCIÓN FÍSICA
Extensión 211 páginas
Otras características físicas Ilustraciones, diagramas, tablas, gráficas
500 ## - NOTA GENERAL
Nota general Incluye Referencias bibliográficas
505 ## - NOTA DE CONTENIDO CON FORMATO
Título Parte I. Flujo de trabajo digital en cirugía dental :
-- CAI: Imágenes asistidas por computadora. --
-- CAD: Diseño asistido por ordenador. --
-- CAM: Fabricación asistida por ordenador. --
-- Parte II. Cirugía guiada en implantología. --
-- Plantillas. --
-- Sistemas de perforación de implantes. --
-- Colocación del implante, evaluación de la precisión y revisión de la literatura. --
-- Sistema de navegación para implantes: Cirugía guiada dinámica. --
-- Parte III. Regeneración ósea guiada. --
-- Aplicaciones clínicas de las tecnologías digitales para procedimientos regenerativos combinados. --
-- Cirugía reconstructiva digital. --
-- Parte IV. Cirugía maxilofacial guiada. --
-- Planificación virtual 3D en cirugía ortognática.
526 ## - NOTA DE INFORMACIÓN SOBRE EL PROGRAMA DE ESTUDIO
Institución que aplica el campo Unicoc
546 ## - NOTA DE LENGUA
Nota de lengua Español
650 #0 - PUNTO DE ACCESO ADICIONAL DE MATERIA - TÉRMINO DE MATERIA
9 (RLIN) 11097
Término de materia o nombre geográfico como elemento inicial Odontología digital
650 #0 - PUNTO DE ACCESO ADICIONAL DE MATERIA - TÉRMINO DE MATERIA
9 (RLIN) 12964
Término de materia o nombre geográfico como elemento inicial Implantología dental digital
650 #0 - PUNTO DE ACCESO ADICIONAL DE MATERIA - TÉRMINO DE MATERIA
9 (RLIN) 155
Término de materia o nombre geográfico como elemento inicial Implantología
Subdivisión de forma Sistemas tecnológicos
650 #0 - PUNTO DE ACCESO ADICIONAL DE MATERIA - TÉRMINO DE MATERIA
9 (RLIN) 160
Término de materia o nombre geográfico como elemento inicial SISTEMAS CAD/CAM
650 #0 - PUNTO DE ACCESO ADICIONAL DE MATERIA - TÉRMINO DE MATERIA
9 (RLIN) 4197
Término de materia o nombre geográfico como elemento inicial Cirugía maxilofacial
Subdivisión de materia general Herramientas tecnológicas
658 #0 - TÉRMINO DE INDIZACIÓN - OBJETIVO CURRICULAR
9 (RLIN) 8073
Programa Académico Especialización en Prostodoncia
658 #0 - TÉRMINO DE INDIZACIÓN - OBJETIVO CURRICULAR
9 (RLIN) 11722
Programa Académico Especialización en Ortodoncia y Ortopedia Maxilar
658 #0 - TÉRMINO DE INDIZACIÓN - OBJETIVO CURRICULAR
9 (RLIN) 8072
Programa Académico Especialización en Periodoncia
658 #0 - TÉRMINO DE INDIZACIÓN - OBJETIVO CURRICULAR
9 (RLIN) 8074
Programa Académico Especialización en Rehabilitación Oral
658 #0 - TÉRMINO DE INDIZACIÓN - OBJETIVO CURRICULAR
9 (RLIN) 8315
Programa Académico Programa de Odontología
700 ## - PUNTO DE ACCESO ADICIONAL - NOMBRE DE PERSONA
9 (RLIN) 12963
Nombre de persona Rubio, Nicolas A.
856 ## - LOCALIZACIÓN Y ACCESO ELECTRÓNICOS
Texto del enlace Acceso online exclusivo para comunidad Unicoc.
Identificador Uniforme del Recurso (URI) https://unicoceduco-my.sharepoint.com/:b:/g/personal/direccionbiblioteca_unicoc_edu_co/IQAa2gGZe1PgQoCrGZFUzPRoAcwsZkmaKnRDsr9AvMpScVw
942 ## - ENTRADA PARA ELEMENTOS AGREGADOS (KOHA)
Fuente de clasificación o esquema de ordenación en estanterías
Koha [por defecto] tipo de item Libro electrónico
Existencias
Estado de pérdida Estropeado Código de colección Fuente de clasificación o esquema de ordenación en estanterías Fecha de adquisición Signatura completa Localización actual No para préstamo Fecha última consulta Fecha del precio de reemplazo Precio Tipo de item de Koha Código de barras Fuente de adquisición Localización permanente
  Coleccion Online 2026-04-15617.692Bogotá (Dr. David Ordóñez Rueda) - Campus Norte 2026-04-152026-04-15200000.00Libro electrónicoEbook10856CompraBogotá (Dr. David Ordóñez Rueda) - Campus Norte

© 2014 UNICOC | Institución Universitaria Colegios de Colombia - UNICOC
Bogotá D.C. Autopista Norte Km. 20. Teléfono:(571)6683535
Cali: Calle 13 Norte No. 3N-13. Teléfono: (572)6608887

Con tecnología de Koha